NBA players with 40+ point games in the 24-25 season - Statistics

General Stats
  • This quiz has been taken 64 times
  • The average score is 16 of 25
Answer Stats
Hint Answer % Correct
7 Nikola Jokic
100%
2 LeBron James
98%
11 Shai Gilgeous-Alexander
98%
5 Giannis Antetokounmpo
90%
2 Steph Curry
87%
4 Jayson Tatum
85%
3 Anthony Davis
79%
3 Devin Booker
77%
4 James Harden
75%
6 Anthony Edwards
73%
3 Jalen Brunson
73%
5 Karl-Anthony Towns
69%
2 Cade Cunningham
65%
3 Kyrie Irving
65%
3 Victor Wembanyama
65%
4 Tyrese Maxey
62%
2 De'Aaron Fox
58%
2 Jalen Green
58%
3 Paolo Banchero
56%
3 Tyler Herro
52%
2 Jamal Murray
44%
2 LaMelo Ball
40%
3 Jordan Poole
33%
3 C.J. McCollum
29%
2 Trey Murphy
10%
No matching quizzes found
Score Distribution
Percent of People with Each Score
Percentile by Number Answered
Your Score History
You have not taken this quiz